[Event "Regionalliga NO 0809"]
[Site "Bayern"]
[Date "2008.12.14"]
[Round "4.5"]
[White "Schulze, Harald"]
[Black "Kaeck, Ralf"]
[Result "0-1"]
[WhiteElo "2108"]
[BlackElo "1987"]
[PlyCount "90"]
[EventDate "2008.10.05"]
[EventType "team-tourn"]
[EventRounds "9"]
[EventCountry "GER"]
[SourceTitle "EXT 2020"]
[Source "ChessBase"]
[SourceDate "2019.10.17"]
[SourceVersion "1"]
[SourceVersionDate "2019.10.17"]
[SourceQuality "1"]
[WhiteTeam "Forchheim II"]
[BlackTeam "Windischeschenbach"]
[WhiteTeamCountry "GER"]
[BlackTeamCountry "GER"]

1. b4 c6 2. Bb2 a5 3. bxa5 Qxa5 4. c4 e5 5. e3 d6 6. Nf3 Nd7 7. Be2 Ngf6 8. 0-0 Be7 9. d4 exd4 10. exd4 d5 11. c5 0-0 12. Nbd2 Re8 13. Re1 Nf8 14. Qc2 g6 15. Bd3 Nh5 16. g3 Ng7 17. Bc3 Qc7 18. Qb2 h5 19. Ne5 Nf5 20. Nb3 Nh7 21. Re2 Kg7 22. Nf3 h4 23. Rf1 hxg3 24. fxg3 Rh8 25. Qd2 Nf6 26. Ba5 Qd7 27. Bxf5 gxf5 28. Qf4 Ne4 29. Be1 b6 30. Rg2 Ba6 31. Ne5 Qe6 32. Rf3 f6 33. g4 fxe5 34. gxf5+ Kf8 35. dxe5 Qh6 36. Qg4 Be2 37. f6 Bxf3 38. Qxf3 Bxc5+ 39. Nxc5 bxc5 40. h4 Qc1 41. Qf1 Qe3+ 42. Kh2 Ng5 43. Bg3 Rxh4+ 44. Bxh4 Qh3+ 45. Kg1 Nf3+ 0-1

[Event "Regionalliga NO 0708"]
[Site "Bayern"]
[Date "2008.03.09"]
[Round "7.4"]
[White "Kaeck, Ralf"]
[Black "Schulze, Harald"]
[Result "1/2-1/2"]
[WhiteElo "1926"]
[BlackElo "2105"]
[PlyCount "95"]
[EventDate "2007.10.21"]
[EventType "team-tourn"]
[EventRounds "9"]
[EventCountry "GER"]
[SourceTitle "EXT 2009"]
[Source "ChessBase"]
[SourceDate "2008.11.26"]
[SourceVersion "1"]
[SourceVersionDate "2008.11.26"]
[SourceQuality "1"]
[WhiteTeam "Windischeschenbach"]
[BlackTeam "Forchheim II"]
[WhiteTeamCountry "GER"]
[BlackTeamCountry "GER"]

1. d4 d5 2. Nf3 c6 3. e3 Bg4 4. Nbd2 e6 5. Bd3 Nf6 6. 0-0 Be7 7. Qe1 Nbd7 8. Ne5 Nxe5 9. dxe5 Nd7 10. f4 Bf5 11. e4 dxe4 12. Nxe4 Nc5 13. Nd6+ Bxd6 14. Bxf5 exf5 15. exd6+ Ne4 16. Be3 Qxd6 17. Qa5 c5 18. b4 Qc6 19. bxc5 0-0 20. Rad1 Rfc8 21. Kh1 Qc7 22. Qxc7 Rxc7 23. Rd5 g6 24. Rfd1 Kf8 25. Rd7 Rac8 26. Kg1 Rxd7 27. Rxd7 Nxc5 28. Bxc5+ Rxc5 29. Rxb7 Rxc2 30. Rxa7 Rc4 31. g3 Rc2 32. a4 h5 33. a5 h4 34. gxh4 Rc4 35. a6 Rxf4 36. Rb7 Ra4 37. a7 Kg7 38. Kf2 Ra3 39. Ke2 Kf6 40. Kd2 f4 41. Ke2 Ke6 42. Kf2 f6 43. Rh7 Kf5 44. Rg7 Ra2+ 45. Kf3 g5 46. hxg5 Ra3+ 47. Kf2 fxg5 48. h3 1/2-1/2

[Event "Regionalliga NO 0203"]
[Site "Bayern"]
[Date "2003.02.23"]
[Round "7.3"]
[White "Schulze, Harald"]
[Black "Martin Fernandez, Rodrigo"]
[Result "1-0"]
[WhiteElo "2126"]
[BlackElo "2114"]
[PlyCount "76"]
[EventDate "2002.10.20"]
[EventType "team-tourn"]
[EventRounds "9"]
[EventCountry "GER"]
[SourceTitle "EXT 2004"]
[Source "ChessBase"]
[SourceDate "2003.11.25"]
[SourceVersion "1"]
[SourceVersionDate "2003.11.25"]
[SourceQuality "1"]
[WhiteTeam "Nuernberg Sued SW"]
[BlackTeam "Erlangen"]
[WhiteTeamCountry "GER"]
[BlackTeamCountry "GER"]

1. b4 e6 2. Bb2 Nf6 3. a3 d5 4. e3 Be7 5. c4 0-0 6. Nf3 Nbd7 7. d4 b6 8. Nbd2 Bb7 9. Be2 c5 10. dxc5 bxc5 11. b5 Ne4 12. Nxe4 dxe4 13. Nd2 Bf6 14. Qc2 Bxb2 15. Qxb2 f5 16. g3 Qc7 17. 0-0 Ne5 18. Rfd1 Rad8 19. Nb3 Nf3+ 20. Kg2 e5 21. Rxd8 Rxd8 22. Rd1 Rxd1 23. Bxd1 Ne1+ 24. Kf1 Nd3 25. Qd2 f4 26. Be2 fxg3 27. hxg3 Qd7 28. Kg1 Qf5 29. Bf1 Bc8 30. Bxd3 exd3 31. Nxc5 e4 32. Nb3 Qf7 33. Qc3 Be6 34. Nd2 Bf5 35. Qd4 Qe6 36. Qxa7 Qd6 37. b6 Qe5 38. b7 Bg4 1-0

[Event "Regionalliga NO 0203"]
[Site "Bayern"]
[Date "2003.01.26"]
[Round "5.3"]
[White "Weigel, Herbert"]
[Black "Schulze, Harald"]
[Result "1/2-1/2"]
[WhiteElo "2066"]
[BlackElo "2126"]
[PlyCount "90"]
[EventDate "2002.10.20"]
[EventType "team-tourn"]
[EventRounds "9"]
[EventCountry "GER"]
[SourceTitle "EXT 2004"]
[Source "ChessBase"]
[SourceDate "2003.11.25"]
[SourceVersion "1"]
[SourceVersionDate "2003.11.25"]
[SourceQuality "1"]
[WhiteTeam "Zirndorf II"]
[BlackTeam "Nuernberg Sued SW"]
[WhiteTeamCountry "GER"]
[BlackTeamCountry "GER"]

1. e4 e6 2. d4 d5 3. Nd2 Nf6 4. e5 Nfd7 5. f4 c5 6. c3 Nc6 7. Ndf3 Qb6 8. g3 Be7 9. Bh3 g6 10. Ne2 cxd4 11. cxd4 h5 12. 0-0 Nf8 13. Kg2 Bd7 14. Ng5 Nh7 15. Nxh7 Rxh7 16. Rf3 Rh8 17. Rb1 a6 18. Bd2 Na5 19. Qe1 Nc6 20. Bc3 Rc8 21. Kh1 Qa7 22. b4 Bd8 23. a3 Bb6 24. Qd2 Ne7 25. Bb2 Nf5 26. Bxf5 gxf5 27. Rc1 Ke7 28. Nc3 Rc4 29. Rd3 h4 30. gxh4 Rxh4 31. Qf2 Rg4 32. h3 Rg8 33. Rcd1 Bc6 34. Qh4+ Kd7 35. Qh7 Rf8 36. Ne2 Rc2 37. R1d2 Rxd2 38. Rxd2 Qb8 39. Nc3 Qe8 40. Kh2 Rh8 41. Qg7 Rg8 42. Qh6 Rg6 43. Qh4 Bd8 44. Qe1 Qg8 45. a4 Ke8 1/2-1/2

[Event "Regionalliga NO 0001"]
[Site "Bayern"]
[Date "2001.01.14"]
[Round "4.7"]
[White "Schulze, Harald"]
[Black "Birkmann, Guenther"]
[Result "1/2-1/2"]
[WhiteElo "1854"]
[BlackElo "1980"]
[PlyCount "111"]
[EventDate "2000.10.15"]
[EventType "team-tourn"]
[EventRounds "9"]
[EventCountry "GER"]
[SourceTitle "EXT 2020"]
[Source "ChessBase"]
[SourceDate "2019.10.17"]
[SourceVersion "1"]
[SourceVersionDate "2019.10.17"]
[SourceQuality "1"]
[WhiteTeam "Nuernberg Sued SW"]
[BlackTeam "Zirndorf II"]
[WhiteTeamCountry "GER"]
[BlackTeamCountry "GER"]

1. b4 d5 2. Bb2 e6 3. e3 Nf6 4. a3 Be7 5. Nf3 0-0 6. c4 b6 7. Be2 Bb7 8. 0-0 Nbd7 9. d3 dxc4 10. dxc4 c5 11. b5 Qc7 12. Nbd2 Rad8 13. Qc2 Ng4 14. h3 Nge5 15. Nxe5 Nxe5 16. f4 Ng6 17. Bf3 Rd7 18. Rad1 Rfd8 19. Be2 Nh4 20. Nf3 Bxf3 21. Bxf3 Nxf3+ 22. gxf3 Qb7 23. Kf2 a6 24. Rg1 Rxd1 25. Rxd1 axb5 26. cxb5 Rd5 27. e4 Rd7 28. Rd3 Qc7 29. Be5 Qd8 30. Ke2 f6 31. Bb2 Kf7 32. a4 Rxd3 33. Qxd3 Qxd3+ 34. Kxd3 Bd6 35. Bc1 Kg6 36. Ke3 Kh5 37. Kf2 Kh4 38. Kg2 c4 39. Bd2 Kh5 40. a5 bxa5 41. Bxa5 Bxf4 42. b6 f5 43. Bc3 fxe4 44. fxe4 Bb8 45. Bxg7 e5 46. Kf3 Kg6 47. Bf8 Kf7 48. Bh6 Ke6 49. Be3 Kd7 50. Kg4 Bd6 51. Kf5 c3 52. Bc1 Kc6 53. Ke6 Bb8 54. Be3 Bd6 55. Bc1 Bb8 56. Be3 1/2-1/2

[Event "Regionalliga NO 0001"]
[Site "Bayern"]
[Date "2000.11.12"]
[Round "2.6"]
[White "Seibert, Volker"]
[Black "Schulze, Harald"]
[Result "0-1"]
[WhiteElo "1830"]
[BlackElo "1854"]
[PlyCount "78"]
[EventDate "2000.10.15"]
[EventType "team-tourn"]
[EventRounds "9"]
[EventCountry "GER"]
[SourceTitle "EXT 2020"]
[Source "ChessBase"]
[SourceDate "2019.10.17"]
[SourceVersion "1"]
[SourceVersionDate "2019.10.17"]
[SourceQuality "1"]
[WhiteTeam "Postbauer"]
[BlackTeam "Nuernberg Sued SW"]
[WhiteTeamCountry "GER"]
[BlackTeamCountry "GER"]

1. e4 e6 2. d4 d5 3. Nd2 Nf6 4. e5 Nfd7 5. Bd3 c5 6. c3 Nc6 7. Ne2 cxd4 8. cxd4 Qb6 9. Nf3 Bb4+ 10. Bd2 Bxd2+ 11. Qxd2 Qb4 12. Rc1 f6 13. exf6 Qxd2+ 14. Kxd2 gxf6 15. Bb5 Ndb8 16. Rhe1 Ke7 17. Nf4 Kd6 18. Nd3 a6 19. Ba4 Na5 20. Bc2 Nc4+ 21. Kc3 Nc6 22. b3 Na3 23. Kb2 Nb5 24. Bb1 Nbxd4 25. Nxd4 Nxd4 26. f4 Bd7 27. Nc5 Bc6 28. b4 e5 29. fxe5+ fxe5 30. Rf1 Raf8 31. Rcd1 a5 32. a3 axb4 33. axb4 b6 34. Nd3 Bb5 35. Kc3 Ne6 36. Rfe1 e4 37. Nc1 Rf2 38. Bxe4 Rc8+ 39. Kb3 Bc4+ 0-1

[Event "Landesliga Nord 9596"]
[Site "Bayern"]
[Date "1996.??.??"]
[Round "?"]
[White "Schulze, Harald"]
[Black "Dalinger, Valeri"]
[Result "0-1"]
[WhiteElo "1854"]
[BlackElo "2195"]
[PlyCount "72"]
[EventDate "1995.10.??"]
[EventType "team-tourn"]
[EventRounds "9"]
[EventCountry "GER"]
[SourceTitle "EXT 2020"]
[Source "ChessBase"]
[SourceDate "2019.10.17"]
[SourceVersion "1"]
[SourceVersionDate "2019.10.17"]
[SourceQuality "1"]
[WhiteTeam "Nuernberg Sued SW"]
[BlackTeam "Bindlach"]
[WhiteTeamCountry "GER"]
[BlackTeamCountry "GER"]

1. b4 d5 2. Bb2 Nf6 3. e3 e6 4. a3 c5 5. bxc5 Bxc5 6. Nf3 Nc6 7. Be2 0-0 8. 0-0 Bd7 9. c4 Rc8 10. Nc3 dxc4 11. Bxc4 e5 12. Nd5 Bg4 13. Nxf6+ Qxf6 14. h3 Bh5 15. Be2 Rfd8 16. Bc3 Bd6 17. Nh2 Bxe2 18. Qxe2 Qe7 19. a4 e4 20. Rfb1 Be5 21. Bxe5 Nxe5 22. Ra2 Nd3 23. f3 Nc1 24. Rxc1 Rxc1+ 25. Nf1 Qh4 26. fxe4 Qxe4 27. d4 g6 28. Kh2 h5 29. Ng3 Qd5 30. h4 Rdc8 31. Rd2 Ra1 32. e4 Qd8 33. Nf5 Rcc1 34. Kg3 gxf5 35. Qxh5 Qc7+ 36. e5 Qc3+ 0-1

[Event "Landesliga Nord 9596"]
[Site "Bayern"]
[Date "1996.??.??"]
[Round "?"]
[White "Stierhof, Michael"]
[Black "Schulze, Harald"]
[Result "1-0"]
[WhiteElo "2000"]
[BlackElo "1854"]
[PlyCount "95"]
[EventDate "1995.10.??"]
[EventType "team-tourn"]
[EventRounds "9"]
[EventCountry "GER"]
[SourceTitle "EXT 2020"]
[Source "ChessBase"]
[SourceDate "2019.10.17"]
[SourceVersion "1"]
[SourceVersionDate "2019.10.17"]
[SourceQuality "1"]
[WhiteTeam "Nuernberg Grundig SC"]
[BlackTeam "Nuernberg Sued SW"]
[WhiteTeamCountry "GER"]
[BlackTeamCountry "GER"]

1. Nf3 d5 2. c4 c6 3. b3 Nf6 4. Bb2 Bf5 5. g3 e6 6. Bg2 Be7 7. 0-0 0-0 8. d3 h6 9. Nbd2 Nbd7 10. a3 Qc7 11. b4 dxc4 12. Nxc4 Nb6 13. Na5 Nfd7 14. Qb3 e5 15. d4 Be6 16. Qc2 f6 17. Nh4 Rfc8 18. Be4 Nf8 19. dxe5 fxe5 20. Nf5 Bf6 21. Rac1 Nd5 22. Rfd1 Rd8 23. Nc4 Rd7 24. Rd3 Rad8 25. h4 Nb6 26. Na5 Rxd3 27. Bxd3 Nc8 28. Bc4 Kh8 29. Bd3 Ne7 30. Nxe7 Qxe7 31. Be4 Bd5 32. Bxd5 Rxd5 33. e4 Rd7 34. Nc4 Ng6 35. h5 Nf8 36. Rd1 c5 37. b5 Qe6 38. Rxd7 Nxd7 39. Qd3 Nb6 40. Nxb6 Qxb6 41. Qd7 a6 42. Qe8+ Kh7 43. Qg6+ Kg8 44. Bxe5 axb5 45. Qe8+ Kh7 46. Bxf6 Qxf6 47. e5 Qc6 48. Qf7 1-0

[Event "Landesliga Nord 9495"]
[Site "Bayern"]
[Date "1995.??.??"]
[Round "?.3"]
[White "Schulze, Harald"]
[Black "Vojtech, Jaroslav"]
[Result "1/2-1/2"]
[WhiteElo "1854"]
[BlackElo "2310"]
[PlyCount "71"]
[EventDate "1994.10.09"]
[EventType "team-tourn"]
[EventRounds "9"]
[EventCountry "GER"]
[SourceTitle "EXT 2020"]
[Source "ChessBase"]
[SourceDate "2019.10.17"]
[SourceVersion "1"]
[SourceVersionDate "2019.10.17"]
[SourceQuality "1"]
[WhiteTeam "Nuernberg Sued SW"]
[BlackTeam "Bindlach"]
[WhiteTeamCountry "GER"]
[BlackTeamCountry "GER"]

1. d4 d5 2. c4 e6 3. Nf3 c6 4. Bg5 Be7 5. Bxe7 Qxe7 6. Nbd2 Nf6 7. e3 0-0 8. Be2 Nbd7 9. 0-0 e5 10. dxe5 Nxe5 11. cxd5 Nxd5 12. Nxe5 Qxe5 13. Nc4 Qf6 14. Qb3 Rb8 15. Qa3 Be6 16. Nd2 Rfd8 17. Ne4 Qe5 18. Bf3 Bf5 19. Ng3 Bg6 20. Rfd1 a6 21. Rd4 Nc7 22. Rxd8+ Rxd8 23. Qb3 Qb5 24. Rd1 Rxd1+ 25. Qxd1 Qd3 26. e4 Qxd1+ 27. Bxd1 Ne6 28. f3 Kf8 29. Kf2 Nf4 30. Bc2 f6 31. Nf1 Bf7 32. g3 Ng6 33. a3 Ne5 34. Ne3 c5 35. f4 Nc6 36. Nf5 1/2-1/2